00334nam a2200121Ia 4500008004100000041000800041082001500049100001900064245004500083260004900128300003000177365000500207240624s9999 xx 000 0 und d aeng a153.43 NAL aNALEBUFF BARRY aWHY NOT HOW TO USE EVERYDAY INGENUITY TO c2003aBostonbHarvard Businesss School Press axv, : 238 : p. : cm. ; 24 c